Đào tạo nguồn nhân lực trình độ cao đẳng, đại học

Сохранить в:
Библиографические подробности
Главный автор: Trần, Thị Phương Nam
Формат:
Язык:Undetermined
Предметы:
Online-ссылка:http://lrc.tdmu.edu.vn/opac/search/detail.asp?aID=2&ID=18949
Метки: Добавить метку
Нет меток, Требуется 1-ая метка записи!
Thư viện lưu trữ: Trung tâm Học liệu Trường Đại học Thủ Dầu Một
LEADER 00615nam a2200145Ia 4500
001 TDMU_18949
008 210410s9999 xx 000 0 und d
082 |a 378 
100 |a Trần, Thị Phương Nam 
245 0 |a Đào tạo nguồn nhân lực trình độ cao đẳng, đại học 
245 0 |c Trần Thị Phương Nam 
300 |a Tr.5-9 
650 |a Giáo dục đại học; Nguồn nhân lực; Hệ đại học; Hệ cao đẳng 
856 |u http://lrc.tdmu.edu.vn/opac/search/detail.asp?aID=2&ID=18949 
980 |a Trung tâm Học liệu Trường Đại học Thủ Dầu Một